Colección de leyes, decretos, reglamentos, contratos, supremas revoluciones y noticias referentes al crédito público y correspondientes a los años de 1883 a 1903, época del arreglo de la deuda nacional / (Record no. 42258)

MARC details
000 -LEADER
campo de control de longitud fija 00611nam a2200157 i 4500
001 - NÚMERO DE CONTROL
campo de control 42258
003 - IDENTIFICADOR DE NÚMERO DE CONTROL
campo de control ES-MaACL
005 - FECHA Y HORA DE LA ÚLTIMA TRANSACCIÓN
campo de control 20230906160558.0
007 - CAMPO FIJO DE DESCRIPCIÓN FÍSICA--INFORMACIÓN GENERAL
campo de control de longitud fija t|
008 - DATOS DE LONGITUD FIJA--INFORMACIÓN GENERAL
campo de control de longitud fija 030313s1903 mx ||||1| spa d
100 1# - ENTRADA PRINCIPAL--NOMBRE DE PERSONA
Nombre de persona Castillo, Juan.
9 (RLIN) 36701
245 10 - MENCIÓN DEL TÍTULO
Título Colección de leyes, decretos, reglamentos, contratos, supremas revoluciones y noticias referentes al crédito público y correspondientes a los años de 1883 a 1903, época del arreglo de la deuda nacional /
Mención de responsabilidad, etc. Juan Castillo.
260 ## - PUBLICACIÓN, DISTRIBUCIÓN, ETC.
Lugar de publicación, distribución, etc. México :
Nombre del editor, distribuidor, etc. [s.n.,
Fecha de publicación, distribución, etc. 1903] (
Fabricante Imp. "La Europea")
300 ## - DESCRIPCIÓN FÍSICA
Extensión XXVIII, 500 p. ;
Dimensiones 27 cm.
852 ## - LOCALIZACIÓN
Ubicación ES-MaACL
Número de control de estantería F-744
Holdings
Estatus retirado Estado de pérdida Estado de daño No para préstamo Biblioteca de origen Biblioteca actual Ubicación en estantería Fecha de adquisición Fuente de adquisición Total de préstamos Signatura topográfica completa Código de barras Visto por última vez Precio de reemplazo Tipo de ítem Koha
        Biblioteca del Ateneo de Madrid Biblioteca del Ateneo de Madrid Depósito 2 17/01/2008     F-744 1044473 23/02/2023 23/02/2023 Libro impreso